000 00320nam a2200121Ia 4500
008 240731s9999 xx 000 0 und d
022 _a2151-2272
245 0 _aJournal of Graphics, GPU, and Game Tools
260 _bTaylor & Francis
856 _uhttps://www.tandfonline.com/loi/ujgt20
942 _2ddc
942 _cTFEJ
999 _c77769
_d77769
945 _a1
_bMadushi Gamage
_c1
_dMadushi Gamage